Armenian Numbers - Statistics

General Stats
  • This quiz has been taken 19 times
  • The average score is 11 of 37
Answer Stats
# Answer % Correct
1 mek
83%
3 yerek'
83%
2 yerku
75%
0 zro
75%
4 chors
67%
5 hing
67%
7 yot'
67%
8 ut'
58%
6 vets'
58%
11 tasnmek
42%
9 iny
33%
1,000 hazar
25%
20 k'san
25%
14 tasnchors
25%
15 tasnhing
25%
19 tasniny
25%
18 tasnut'
25%
16 tasnvets'
25%
17 tasnyot'
25%
10 tasy
25%
1,000,000 milion
17%
13 tasnerek'
17%
12 tasnerku
17%
100 haryur
8%
100,000 haryur hazar
8%
50 hisun
8%
90 inesun
8%
40 karasun
8%
10,000 tas hazar
8%
80 ut'sun
8%
60 vat'sun
8%
300 yerek' haryur
8%
3,000 yerek' hazar
8%
30 yeresun
8%
200 yerku haryur
8%
2,000 yerku hazar
8%
70 yot'anasun
8%
No matching quizzes found
Score Distribution
Percent of People with Each Score
Percentile by Number Answered
Your Score History
You have not taken this quiz